00216nam a2200097Ia 4500008004100000041000800041100002300049245002900072260000900101300000800110230724s1999 xx und d aeng aPROJ. BY DISHA PB. aPUNES LIVING ROOMS VOL-1 c1999 a100